Statystyki dla 15 najbardziej dotkniętych krajów Covid-19 - 15 września

Kliknij tutaj aby rozwiązać quiz!

Ogólne statystyki

  • Ten quiz został rozwiązany 17 razy
  • Średni wynik to 10 z 24

Statystyki odpowiedzi

kraj% Poprawnych
Stany Zjednoczone
88%
Brazylia
81%
Rosja
81%
Francja
75%
Indie
75%
Hiszpania
69%
Kolumbia
56%
Meksyk
56%
Argentyna
50%
Iran
50%
Wielka Brytania
50%
Chile
38%
Chile
38%
Republika
Południowej Afryki
31%
Izrael
25%
Katar
25%
Peru
25%
Bahrajn
19%
Kuwejt
19%
Panama
19%
Armenia
13%
Bangladesz
13%
Oman
13%
Kostaryka
6%

Rozkład punktacji

Percentyl według liczby udzielonych odpowiedzi

Procent ludzi z każdym wynikiem

Twoja historia wyników

Nie rozwiązałeś tego quizu